Coca-Che /
El fotógrafo suizo Luc Chessex, quien estuvo en Cuba de 1961 a 1974, hace en esta obra, con sus fotografías, un comparativo entre dos íconos que pueblan el espacio público urbano tanto en ese país como en muchos otros de Latinoamérica: por una parte, la imagen del revolucionario argentino Ernesto "C...
Kaydedildi:
| Yazar: | |
|---|---|
| Diğer Yazarlar: | , , |
| Materyal Türü: | Kitap |
| Dil: | İspanyolca |
| Baskı/Yayın Bilgisi: |
Barcelona, España :
Editorial RM,
2016, 2016
|
| Seri Bilgileri: | (Fastbook ;
2) |
| Konular: | |
| Etiketler: |
Etiket eklenmemiş, İlk siz ekleyin!
|
MARC
| LEADER | 00000nam^a2200000^a^4500 | ||
|---|---|---|---|
| 001 | 000450602 | ||
| 005 | 20250526000000.0 | ||
| 009 | 20260310123751.421 | ||
| 020 | |a 978-84-16282-38-8 | ||
| 037 | |a Acervo ITESO - Biblioteca | ||
| 041 | |a GRA | ||
| 041 | |a ESP | ||
| 082 | |a 770. 9494 |b CHE PEZ | ||
| 100 | |a Chessex, Luc |e (fotógrafo) | ||
| 245 | 1 | 0 | |a Coca-Che / |c Fotógrafo y texto L. Chessex ; dir. creativa de R. Pez, R. Reverté ; diseño de R. Pez ; tr. por G. Dechant. |
| 264 | 4 | |a Barcelona, España : |b Editorial RM, |c 2016, 2016 | |
| 300 | |a [88 p.] ; |c 32.5 cm. | ||
| 336 | |a texto |b txt |2 rdacontenido | ||
| 337 | |a sin mediación |b n |2 rdamedio | ||
| 338 | |a volumen |b nc |2 rdasoporte | ||
| 440 | 1 | |a (Fastbook ; |v 2) | |
| 520 | |a El fotógrafo suizo Luc Chessex, quien estuvo en Cuba de 1961 a 1974, hace en esta obra, con sus fotografías, un comparativo entre dos íconos que pueblan el espacio público urbano tanto en ese país como en muchos otros de Latinoamérica: por una parte, la imagen del revolucionario argentino Ernesto "Che" Guevara, y por otra la imagen publicitaria de Coca-cola. Parece una competencia entre ambos temas cargados de simbolismo. | ||
| 546 | |a Edición gráfica con texto bilingüe español-francés | ||
| 649 | |a XX | ||
| 650 | |a Fotógrafos Suizos | ||
| 650 | |a Artistas Suizos | ||
| 650 | |a Suizos en Cuba | ||
| 650 | |a Revolucionarios Argentinos | ||
| 650 | |a Refrescos y Bebidas No Alcohólicas - |x Industria y Comercio - |x Tema Principal | ||
| 650 | |a Industria Alimenticia | ||
| 650 | |a Empresas - |x Administración | ||
| 650 | |a Marcas (Mercadotecnia) | ||
| 650 | |a Producto (Mezcla de Mercadotecnia) | ||
| 650 | |a Mercadotecnia | ||
| 650 | |a Política - |z Cuba - |x Historia - |y 1953-1959 | ||
| 650 | |a Política - |z Cuba - |x Historia - |y 1959-2006 | ||
| 650 | |a Fotografía Callejera - |z Suiza | ||
| 650 | |a Fotografía Callejera - |z Cuba | ||
| 650 | |a Fotografía Suiza - |y 1960-1969 | ||
| 650 | |a Fotografía Suiza - |y 1970-1979 | ||
| 650 | |a Fotografía Suiza - |y Siglo XX | ||
| 650 | |a Arte Suizo - |y Siglo XX | ||
| 650 | |a The Coca-Cola Company - |x Tema Principal | ||
| 650 | |a Che Guevara - |x Tema Principal | ||
| 650 | |a Chessex, Luc - |x Tema Principal | ||
| 650 | |a Latinoamérica - |x Historia - |y Siglo XX | ||
| 700 | |a Pez, Ramón |e (dirección creativa) | ||
| 700 | |a Reverté, Ramón |e (dirección creativa) | ||
| 700 | |a Dechant, Gregory |e (traducción) | ||
| 910 | |a Fondo Pedro Valtierra | ||
| 920 | |a Impresos - Libros | ||
| 930 | |a Libros Antiguos y Raros | ||
| 905 | |a 129 | ||
| 901 | |a 0500369296 |b IT2 |c LRA |i D |u 20250526 | ||
| 902 | |a https://opac.biblio.iteso.mx/vufind/Record/000450602 | ||